00000000cam 2200000zi 4500
0019.962762
003CaOODSP
00520260513130409
006m     o  d f      
007cr mn|||||||||
008260513s1984    oncd    ob   f000 0 eng d
040 |aCaOODSP|beng|erda|cCaOODSP
043 |an-cn---
0861 |aJS4-1/1984-70E-PDF
1001 |aWhittingham, Michael David, |eauthor.
24514|aThe role of reformers and volunteers in the advance of correctional reform in Canada, since Confederation / |cMichael D. Wittingham.
264 1|a[Ottawa] : |bMinistry of the Solicitor General of Canada, Secretariat, Programs Branch, |c1984.
300 |a1 online resource (1 volume (various pagings)) : |bgraphs.
336 |atext|btxt|2rdacontent
337 |acomputer|bc|2rdamedia
338 |aonline resource|bcr|2rdacarrier
4901 |aPrograms Branch user report ; |vno. 1984-70
500 |aDigitized edition from print [produced by Public Safety Canada].
500 |aIssued also in French under title: Le rôle des réformateurs et des bénévoles dans le progrès des réformes du système correctionnel canadien depuis la Confédération.
500 |a"This working paper was prepared under contract for the Research Division and is made available as submitted to the Ministry. The views expressed are those of the author and are not necessarily those of the Ministry of the Solicitor General of Canada."
504 |aIncludes bibliographical references.
520 |a"The primary concern here is with the development of Canadian federal corrections after Confederation. It is necessary, however, to establish the roots of its social beginnings. Its origins stem from the rise of the Institutional State, first in England and later in North America, which began in earnest in the late 18th century"--Page 2.
650 0|aCriminals|xRehabilitation|xGovernment policy|zCanada.
650 0|aSocial reformers|zCanada.
650 0|aGovernmental investigations|zCanada.
7101 |aCanada. |bSolicitor General Canada. |bPrograms Branch, |eissuing body.
77508|tLe rôle des réformateurs et des bénévoles dans le progrès des réformes du système correctionnel canadien depuis la Confédération / |w(CaOODSP)9.962765
830#0|aUser report (Canada. Solicitor General Canada)|vno. 1984-70.|w(CaOODSP)9.808480
85640|qPDF|s1.79 MB|uhttps://publications.gc.ca/collections/collection_2026/sp-ps/js4-1/JS4-1-1984-70-eng.pdf